Λουκιανού έργα

Αποθηκεύτηκε σε:
Λεπτομέρειες βιβλιογραφικής εγγραφής
Κύριος συγγραφέας: Λουκιανός ο Σαμοσατεύς, π. 120-π. 190
Άλλοι συγγραφείς: Μάνος, Δημ. Π. (Μεταφραστής)
Μορφή: Βιβλίο
Γλώσσα:Greek
Δημοσίευση: Αθήνα : Ζαχαρόπουλος, c1955
Σειρά:Κλασσική βιβλιοθήκη. Αρχαίοι Έλληνες συγγραφείς ; ; 16
Θέματα:
Ετικέτες: Προσθήκη ετικέτας
Δεν υπάρχουν, Καταχωρήστε ετικέτα πρώτοι!

MARC

LEADER 00000nam a2200000 i 4500
001 1/39602
008 961017s1955 gre d
035 |l 10025075 
040 |a GR-MY-UA  |b gre  |e aacr 
041 0 |a gre 
082 0 |a 885.5 
100 0 |a Λουκιανός ο Σαμοσατεύς,   |d π. 120-π. 190. 
245 1 0 |a Λουκιανού έργα /  |c Λουκιανός ; Δημήτριος Μάνος 
260 |a Αθήνα :   |b Ζαχαρόπουλος,   |c c1955 
300 |a 127 σ. 
490 1 |a Κλασσική βιβλιοθήκη. Αρχαίοι Έλληνες συγγραφείς  |v ; 16 
650 0 0 |a Greek literature, Hellenistic. 
700 1 |a Μάνος, Δημ. Π.  |4 trl 
830 0 |a Κλασσική βιβλιοθήκη. Αρχαίοι Έλληνες συγγραφείς ;  |v ; 16 
852 |a INST  |b CHIOS  |e 19961017  |h 885.5 ΛΟΥ  |p 005200011307  |q 005200011307  |t BK  |y 0  |z τ.Α 
852 |a INST  |b CHIOS  |e 19961017  |h 885.5 ΛΟΥ  |p 005200011307  |q 005200011307  |t BK  |v τ.Α:  |y 0  |z τ.Α 
853 |a INST  |b CHIOS  |h 885.5 ΛΟΥ 
909 |a Χ  |b 047530